00897nam a22002417a 4500008004100000020001800041040004200059245017800101260003500279300003000314490003100344650001700375650003000392650002000422650003400442700002000476700002600496700002100522700003300543700002200576710004900598041000800647130215b xxu||||| |||| 00| 0 eng d a9789506493813 cAngélica RojasdAldemar Mondragón04aLos cuatro conceptos fundamentales del psicoanálisisbsu retórica, su gramática su escitura y su poéticacCristina Beuiga...[y otros] ; Enrique Millán, coordinador aBuenos AiresbLetra vivac2012 a419 páginasbgráficas1 aColección del Megáfono aPsicología 7aConciencia (Psicología) 7aPsicoanálisis 7aTrastornos de la personalidad1 aBeiga, Cristina1 aFactorovich, Patricia1 aGaribotti, Mirta1 aMartínez Parera, Florencia1 aMillán, Enrique2 aGrupo de Estudios Psicoanalíticos. NEBRIJA aspa